000 00523nam a2200193Ia 4500
003 GCL
008 140319s9999 xx 000 0 eng d
040 _aGCL /
_cGCL
082 0 4 _a749.2
_bS E
100 1 _aSCHOESER, MARY
245 1 0 _aENGLISH AND AMERICAN TEXTILES: FROM 1790 TO THE PRESENT /
_cSCHOESER, MARY
700 1 _aRUFEY, CELIA
260 _a[S.N] :
_bTHAMES AND HUDSON ،
_c1989
300 _a256
650 0 4 _aTEXTILE
650 0 4 _aFURNITURE DESIGN - HISTORY
650 0 4 _aFURNISHING
942 _2ddc
_cBK
999 _c24608
_d24608